000 00416nam a2200145Ia 4500
008 210210b2000 xxu||||| |||| 00| 0 eng d
082 _a344 MATL
100 _aMATHEW (P D).
245 _aLegal education series No.7: on your right to compensation in motor vehicle accidents.
260 _aND
_bIndian social institute
_c2000
300 _a16
650 _aMotor accidents
690 _aSocial Law
906 _a038137
999 _c88417
_d88417